01330 2200217 4500001002100000005001500021035002000036001002100056005001500077035002000092245003900112100001700151250001700168300002800185260003500213082001200248084001800260020002200278650001000300520080200310INLIS00000000000017320240510084642 a0010-0524000095INLIS00000000000007820240426095421 a0010-04240000221 aMerokok Itu Konyol /cBambang Trim0 aBambang Trim acetakan ke-1 a36 hlm :bilus ;c25 cm aJakarta :bGaneca Exact,c2006 a362.296 a362.296 BAM m a978-979-744-505-4 4aRokok aBuku Merokok Itu Konyol berisi pengetahuan tentang berbahayanya menjadi seorang perokok. Karena di dalam sebatang rokok terkandung banyak racun yang berbahaya bagi tubuh walaupun dampaknya tidak langsung terlihat. Selain itu, perokok pasif, orang yang tidak merokok tapi sering terhirup asap rokok, juga terkena dampak berbahaya dari rokok. Melalui buku ini, diharapkan kalian dapat berpikir beribu- ribu kali sebelum mencoba untuk mengisap sebatang rokok. Banyak faktor yang memengaruhi seseorang untuk menjadi seorang perokok, di antaranya pengaruh orang tua yang men- jadi perokok berat, ikut-ikutan teman atau coba-coba. Tapi, walaupun begitu jika kalian menyadari bahaya rokok tentu tidak akan pernah mencobanya, kan? Karena kesehatan adalah anugerah Tuhan yang harus kita jaga dengan baik